Countries Most Similar To Tajikistan - Statistics

General Stats
  • This quiz has been taken 80 times
  • The average score is 13 of 20
Answer Stats
Rank Country Score % Correct
3 Afghanistan 71.8
96%
1 Kyrgyzstan 77.6
96%
2 Uzbekistan 75.7
96%
4 Kazakhstan 70
95%
7 Iran 67
93%
5 Turkmenistan 69.9
93%
14 Pakistan 60.2
91%
9 Turkey 64.1
84%
6 Azerbaijan 69.5
79%
19 Iraq 59.2
77%
10 Syria 62.2
71%
8 Armenia 65.1
66%
13 Georgia 60.6
63%
18 Mongolia 59.3
54%
15 Jordan 60.1
52%
12 Egypt 60.7
30%
20 Belarus 59.2
27%
16 Algeria 59.8
23%
17 Moldova 59.3
20%
11 Albania 60.7
14%
No matching quizzes found
Score Distribution
Percent of People with Each Score
Percentile by Number Answered
Your Score History
You have not taken this quiz